000 00424nam a2200169Ia 4500
008 230917s9999||||xx |||||||||||||| ||und||
020 _cRS0.52
040 _e32736
_aMAIN
041 _aEnglish
082 _a005.26 Z13I
100 _aZaks, Rodnay
245 0 _aIntroduction to Microprocessors: from Chips to systems
250 _aIst ed.
260 _aDelhi
_bPublications
_c1985
300 _axvi, 552 p.
942 _cBK
999 _c62344
_d62344